Największe sieci sklepów spożywczych w Polsce - Statystyki

Ogólne statystyki
  • Ten quiz został rozwiązany 119 razy
  • Średni wynik to 8 z 15
Statystyki odpowiedzi
l.p. Odpowiedź Ilość sklepów % Poprawnych
3. Biedronka 3 500+
100%
12. Lidl 900+
99%
1. Żabka 11 373
93%
6. Dino 2 688
90%
14. Aldi 322
68%
13. Netto 662
64%
4. Lewiatan 3 200+
60%
2. ABC 7 302
49%
11. Stokrotka 1 000+
49%
8. Groszek pow. 2 000
33%
7. Społem 2 400
32%
15. Polomarket 283
23%
5. Livio 3 000
8%
10. Chorten pow. 2 000
5%
9. Rabat Detal pow. 2 000
0%
Nie znaleziono quizów pasujących do podanych kryteriów
Rozkład punktacji
Procent ludzi z każdym wynikiem
Percentyl według liczby udzielonych odpowiedzi
Twoja historia wyników
Nie rozwiązałeś tego quizu